Online
Catalog

China : (Record no. 42781)

MARC details
000 -CABECERA
campo de control de longitud fija 00666nam a2200205 a 4500
001 - NÚMERO DE CONTROL
campo de control 000043292
005 - FECHA Y HORA DE LA ÚLTIMA TRANSACCIÓN
campo de control 20201002040808.0
008 - DATOS DE LONGITUD FIJA--INFORMACIÓN GENERAL
campo de control de longitud fija 140304s1983 sp 001 0 spa d
020 ## - NÚMERO INTERNACIONAL ESTÁNDAR DEL LIBRO
Número Internacional Estándar del Libro 8432047384
040 ## - FUENTE DE LA CATALOGACIÓN
Centro catalogador/agencia de origen DO-SdBNP
Lengua de catalogación spa
Centro/agencia transcriptor BNPHU
100 1# - ENTRADA PRINCIPAL--NOMBRE DE PERSONA
Nombre de persona Wickert, Erwin
9 (RLIN) 70927
240 10 - TÍTULO UNIFORME
Título uniforme China von innen gasehen
245 10 - MENCIÓN DE TÍTULO
Título China :
Resto del título Vista desde dentro /
Mención de responsabilidad, etc. Erwin Wickert; traducción Joaquín Adsuar Ortega.
260 ## - PUBLICACIÓN, DISTRIBUCIÓN, ETC.
Lugar de publicación, distribución, etc. Barcelona :
Nombre del editor, distribuidor, etc. Planeta,
Fecha de publicación, distribución, etc. 1983.
490 1# - MENCIÓN DE SERIE
Mención de serie Al filo del tiempo
500 ## - NOTA GENERAL
Nota general Incluye notas a pie de página
500 ## - NOTA GENERAL
Nota general Incluye índice onómastico
700 12 - PUNTO DE ACCESO ADICIONAL--NOMBRE DE PERSONA
Nombre de persona Adsuar Ortega, Joaquín
Término indicativo de función/relación trad.
9 (RLIN) 70928
830 #0 - PUNTO DE ACCESO ADICIONAL DE SERIE-TÍTULO UNIFORME
Título uniforme Al filo del tiempo
9 (RLIN) 48175
Holdings
Estado de retiro Estado de pérdida Restricciones de uso No para préstamo Código de colección Localización permanente Ubicación/localización actual Ubicación en estantería Fecha de adquisición Número de inventario Total de préstamos Signatura topográfica completa Código de barras Fecha visto por última vez Precio válido a partir de Tipo de ítem Koha
      Excluido de préstamo Monografías: Libros y Folletos General General En catalogación 04.03.2014 LF1   43292-10 25.06.2020 25.06.2020 No se presta

Powered by Koha